Industrial relations : (Record no. 5473)
[ view plain ]
| 000 -LEADER | |
|---|---|
| fixed length control field | 00580 a2200181 4500 |
| 010 ## - LCCN (DPL NO) | |
| LC control number | ENG-86872 |
| 020 ## - INTERNATIONAL STANDARD BOOK NUMBER | |
| Terms of availability | 110.00 |
| 035 ## - SYSTEM CONTROL NUMBER | |
| System control number | EN-70405 |
| 037 ## - SOURCE OF ACQUISITION | |
| Source of stock number/acquisition | DBAD / PUB |
| 082 14 - DEWEY DECIMAL CLASSIFICATION NUMBER | |
| Classification number | 331 |
| 100 1# - MAIN ENTRY--PERSONAL NAME | |
| Personal name | Rao, P.Subba |
| 245 1# - TITLE STATEMENT | |
| Title | Industrial relations : |
| Statement of responsibility, etc | by P. Subba Rao |
| Remainder of title | for sixth semester, BBM Bangalore Universty / |
| 260 ## - PUBLICATION, DISTRIBUTION, ETC. (IMPRINT) | |
| Place of publication, distribution, etc | Mumbai |
| Name of publisher, distributor, etc | Himalaya Publishing House |
| Date of publication, distribution, etc | 2007 |
| 270 ## - ADDRESS | |
| Address | "Ramdoot", Dr. Bhalerao Marg, Girgaon |
| City | Mumbai |
| Postal code | 400 004 |
| State or province | Mah. |
| Electronic mail address | himpub@vsnl.com |
| 300 ## - PHYSICAL DESCRIPTION | |
| Extent | 192p |
| Dimensions | 24cm (Pbk) |
| 500 ## - GENERAL NOTE | |
| General note | Includes index |
| 942 ## - ADDED ENTRY ELEMENTS (KOHA) | |
| Institution code [OBSOLETE] | dpl |
| Item type | English Books |
| Source of classification or shelving scheme | Dewey Decimal Classification |
| Classification part | 331 |
| Call number suffix | SUB |
| Withdrawn status | Lost status | Not for loan | Collection code | Home library | Current library | Source of acquisition | Cost, normal purchase price | Full call number | Barcode | Copy number | Cost, replacement price | Koha item type |
|---|---|---|---|---|---|---|---|---|---|---|---|---|
| Not For Loan | Non-fiction | D.B.Act.Division | D.B.Act.Division | DBAD/PUB | 110.00 | 331 SUB | EN-70405 | 1 | 110.00 | English Books |
